<?xml version="1.0" encoding="UTF-8"?>
<record
    xmlns:xsi="http://www.w3.org/2001/XMLSchema-instance"
    xsi:schemaLocation="http://www.loc.gov/MARC21/slim http://www.loc.gov/standards/marcxml/schema/MARC21slim.xsd"
    xmlns="http://www.loc.gov/MARC21/slim">

  <leader>00800nam a22001697a 4500</leader>
  <controlfield tag="008">160511b        xxu||||| |||| 00| 0 eng d</controlfield>
  <datafield tag="082" ind1=" " ind2=" ">
    <subfield code="a">759.972.86</subfield>
    <subfield code="b">H565fq</subfield>
  </datafield>
  <datafield tag="100" ind1=" " ind2=" ">
    <subfield code="a">	Fabio Herrera; Efra&#xED;m Hern&#xE1;ndez</subfield>
    <subfield code="9">4946</subfield>
  </datafield>
  <datafield tag="110" ind1=" " ind2=" ">
    <subfield code="a"> Museo de Arte Costarricense.</subfield>
    <subfield code="9">4947</subfield>
  </datafield>
  <datafield tag="245" ind1=" " ind2=" ">
    <subfield code="a">Fabio Herrera </subfield>
    <subfield code="b">gesto, signo, materia : Museo de Arte Costarricense, 7 marzo-5 mayo, San Jos&#xE9;, Costa Rica, 1996.</subfield>
    <subfield code="c">Fabio Herrera; Efra&#xED;m Hern&#xE1;ndez</subfield>
  </datafield>
  <datafield tag="260" ind1=" " ind2=" ">
    <subfield code="a">San Jos&#xE9;, Costa Rica</subfield>
    <subfield code="b">Museo de Arte Costarricense</subfield>
    <subfield code="c">1996.</subfield>
  </datafield>
  <datafield tag="300" ind1=" " ind2=" ">
    <subfield code="a">59 pag</subfield>
    <subfield code="b">Col; Ill</subfield>
    <subfield code="c">22 cm</subfield>
  </datafield>
  <datafield tag="610" ind1=" " ind2=" ">
    <subfield code="a"> Museo de Arte Costarricense</subfield>
    <subfield code="9">4948</subfield>
  </datafield>
  <datafield tag="650" ind1=" " ind2=" ">
    <subfield code="a">Herrera Martinez , Fabio; Hernandez, Efra&#xED;n</subfield>
    <subfield code="v">Pintura Costarricense</subfield>
    <subfield code="x">Exposiciones </subfield>
    <subfield code="y">Siglo XX</subfield>
    <subfield code="9">4949</subfield>
  </datafield>
  <datafield tag="700" ind1=" " ind2=" ">
    <subfield code="a">Fabio Herrera; Efra&#xED;m Hern&#xE1;ndez</subfield>
    <subfield code="9">4950</subfield>
  </datafield>
  <datafield tag="710" ind1=" " ind2=" ">
    <subfield code="a"> Museo de Arte Costarricense</subfield>
    <subfield code="9">4951</subfield>
  </datafield>
  <datafield tag="999" ind1=" " ind2=" ">
    <subfield code="c">900</subfield>
    <subfield code="d">900</subfield>
  </datafield>
  <datafield tag="952" ind1=" " ind2=" ">
    <subfield code="0">0</subfield>
    <subfield code="1">0</subfield>
    <subfield code="2">ddc</subfield>
    <subfield code="4">0</subfield>
    <subfield code="7">0</subfield>
    <subfield code="a">LV</subfield>
    <subfield code="b">LV</subfield>
    <subfield code="c">Monograf&#xED;as</subfield>
    <subfield code="d">2016-05-11</subfield>
    <subfield code="l">0</subfield>
    <subfield code="o">759.972.86 H565fq</subfield>
    <subfield code="p">000827</subfield>
    <subfield code="r">2016-05-11 00:00:00</subfield>
    <subfield code="w">2016-05-11</subfield>
    <subfield code="y">01</subfield>
  </datafield>
</record>
